[Event "GER-ch op U25"]
[Site "Willingen"]
[Date "2006.06.04"]
[Round "1"]
[White "Gross, Jonathan"]
[Black "Armbrust, Matthias"]
[Result "0-1"]
[WhiteElo "1008"]
[BlackElo "1739"]
[PlyCount "54"]
[EventDate "2006.06.04"]
[EventType "swiss"]
[EventRounds "9"]
[EventCountry "GER"]
[SourceTitle "EXT 2007"]
[Source "ChessBase"]
[SourceDate "2006.11.23"]
[SourceVersion "1"]
[SourceVersionDate "2006.11.23"]
[SourceQuality "1"]

1. e4 c5 2. Nf3 d6 3. Bb5+ Nc6 4. Nc3 a6 5. Bxc6+ bxc6 6. d3 g6 7. b3 Bg7 8. Bb2 Nf6 9. 0-0 0-0 10. Qd2 Bg4 11. Qe3 Qa5 12. Rab1 d5 13. exd5 cxd5 14. Qxe7 Be6 15. Qc7 Qxc7 16. Ng5 Ng4 17. g3 Bd4 18. Nh3 Ne5 19. Ng5 h6 20. Nxe6 fxe6 21. Nd1 Nf3+ 22. Kg2 Nd2 23. Bxd4 cxd4 24. Re1 Nxb1 25. Rxe6 Qf7 26. Re2 Qf3+ 27. Kf1 Qh1# 0-1